The teachings of Don Juan: a yaqui way of knowledge
Պահպանված է:
| Հիմնական հեղինակ: | |
|---|---|
| Ձևաչափ: | Գիրք |
| Լեզու: | անգլերեն |
| Հրապարակվել է: |
Nueva York
Touchstone Book
1974
|
| Հրատարակություն: | 1a. ed |
| Խորագրեր: | |
| Ցուցիչներ: |
Ավելացրեք ցուցիչ
Չկան պիտակներ, Եղեք առաջինը, ով նշում է այս գրառումը!
|
MARC
| LEADER | 00000nam a2200000 a 4500 | ||
|---|---|---|---|
| 001 | UCH0500 | ||
| 003 | CL-VaPUC | ||
| 008 | 090312e19740000US |||||||||||||||||eng|d | ||
| 020 | |a 671215558 | ||
| 082 | 0 | 4 | |a 306 |b CAS |2 21 |
| 100 | 0 | |a Castaneda, Carlos |e author |9 534683 | |
| 245 | 1 | 4 | |a The teachings of Don Juan: a yaqui way of knowledge |
| 250 | |a 1a. ed | ||
| 300 | |a 288 p | ||
| 942 | |c BK | ||
| 945 | |d 20090312 00:00:00 |a cmena | ||
| 260 | |a Nueva York |b Touchstone Book |c 1974 | ||
| 650 | 0 | |a Antropología cultural |9 269905 | |
| 650 | 0 | |a Teoría del conocimiento |9 255038 | |
| 650 | 7 | |a MAGIA |2 CL-VaPUC |9 319651 | |
| 650 | 0 | |a Misticismo |9 265505 | |
| 650 | 0 | |a Desarrollo individual |9 307875 | |
| 583 | |a last modification |c 20140401 10:01:52 |k Rodrigo Vera | ||
| 999 | |c 332796 |d 332794 | ||
| 952 | |0 0 |1 0 |4 0 |6 306_000000000000000_CAS_1974 |7 0 |8 A |9 420735 |a BIBEDU |b BIBEDU |d 2019-11-22 |i 4519175 |o 306 CAS 1974 |p 4519175 |r 2019-11-22 |w 2019-11-22 |y BK |k LIT | ||